[Event "ESP-chT CECLUB Div1"]
[Site "Linares"]
[Date "2024.08.23"]
[Round "6.11"]
[White "Zhou, Lulu"]
[Black "Gonzalez de la Torre, Santiago"]
[Result "0-1"]
[WhiteElo "2139"]
[BlackElo "2397"]
[PlyCount "119"]
[EventDate "2024.08.18"]
[EventType "team-tourn"]
[EventRounds "7"]
[EventCountry "ESP"]
[SourceTitle "CBM 221 Extra"]
[Source "ChessBase"]
[SourceDate "2024.09.30"]
[SourceVersion "1"]
[SourceVersionDate "2024.09.30"]
[SourceQuality "1"]
[WhiteTeam "Ourense"]
[BlackTeam "Taldea Gros Xake"]
[WhiteTeamCountry "ESP"]
[BlackTeamCountry "ESP"]

1. e4 e6 2. d4 d5 3. Nc3 Nf6 4. e5 Nfd7 5. f4 c5 6. Nf3 Nc6 7. Be3 cxd4 8. Nxd4 Bc5 9. Qd2 0-0 10. 0-0-0 Bxd4 11. Bxd4 Qa5 12. a3 Rb8 13. Nb5 Qxd2+ 14. Rxd2 a6 15. Nd6 Nxd4 16. Rxd4 f6 17. exf6 Nxf6 18. Be2 Bd7 19. g4 Bc6 20. g5 Ne8 21. Nxe8 Rbxe8 22. Bd3 e5 23. fxe5 Rxe5 24. Rg1 Rf2 25. h4 g6 26. b3 a5 27. Kb2 b5 28. Kc3 Rf3 29. Kd2 Kf7 30. Rgg4 Ke6 31. Rgf4 Ree3 32. Rxf3 Rxf3 33. Be2 Rf2 34. Ke3 Rh2 35. c3 Ke5 36. Bd3 Rg2 37. Kf3 Rb2 38. h5 gxh5 39. Bxh7 Rxb3 40. Kf2 Rxc3 41. Rd2 d4 42. Re2+ Kd6 43. g6 Rf3+ 44. Ke1 Rg3 45. Rh2 Rg5 46. Kd2 Be4 47. Rh4 Rg2+ 48. Ke1 Bxg6 49. Bxg6 Rxg6 50. Rxh5 Kc6 51. Kd2 Rg3 52. a4 bxa4 53. Rxa5 a3 54. Kc2 Rc3+ 55. Kb1 d3 56. Ra6+ Kd7 57. Ra4 Ke6 58. Ka2 Ke5 59. Rh4 d2 60. Rh5+ 0-1

[Event "ESP-chT CECLUB Div1"]
[Site "Linares"]
[Date "2024.08.21"]
[Round "4.17"]
[White "Zhou, Lulu"]
[Black "Galvan Cipriani, Viviana"]
[Result "1-0"]
[WhiteElo "2139"]
[BlackElo "2135"]
[PlyCount "71"]
[EventDate "2024.08.18"]
[EventType "team-tourn"]
[EventRounds "7"]
[EventCountry "ESP"]
[SourceTitle "CBM 221 Extra"]
[Source "ChessBase"]
[SourceDate "2024.09.30"]
[SourceVersion "1"]
[SourceVersionDate "2024.09.30"]
[SourceQuality "1"]
[WhiteTeam "Ourense"]
[BlackTeam "Barbera"]
[WhiteTeamCountry "ESP"]
[BlackTeamCountry "ESP"]

1. e4 c5 2. Nf3 e6 3. d4 cxd4 4. Nxd4 a6 5. Bd3 Qc7 6. 0-0 Nf6 7. Qe2 d6 8. c4 g6 9. Nc3 Bg7 10. Be3 0-0 11. Rfd1 b6 12. Rac1 Bb7 13. f3 Nbd7 14. b4 Rfe8 15. Nb3 Ne5 16. Na4 Nfd7 17. Qf2 Rab8 18. Be2 Bc8 19. f4 Nc6 20. c5 dxc5 21. bxc5 b5 22. Nb6 Nf6 23. e5 Ne4 24. Qf3 f5 25. Nxc8 Rexc8 26. Bd3 Rd8 27. Bxe4 Rxd1+ 28. Rxd1 fxe4 29. Qxe4 Bf8 30. Rd6 Bxd6 31. exd6 Qd7 32. Nd4 Nd8 33. Nf3 Rc8 34. Ne5 Qg7 35. Bd4 Qf8 36. Nxg6 1-0

[Event "ESP-ch U18"]
[Site "Salobrena"]
[Date "2023.08.04"]
[Round "7"]
[White "Martinez Soriano, Pablo"]
[Black "Zhou, Lulu"]
[Result "1-0"]
[WhiteElo "1906"]
[BlackElo "2056"]
[PlyCount "51"]
[EventDate "2023.07.31"]
[EventType "swiss"]
[EventRounds "9"]
[EventCountry "ESP"]
[SourceTitle "CBM 215 Extra"]
[Source "ChessBase"]
[SourceDate "2023.09.30"]
[SourceVersion "1"]
[SourceVersionDate "2023.09.30"]
[SourceQuality "1"]

1. e4 e5 2. Nf3 Nc6 3. d4 exd4 4. Nxd4 Nf6 5. Nxc6 bxc6 6. Bd3 d5 7. Nc3 Bd6 8. 0-0 0-0 9. Bg5 d4 10. Nb1 h6 11. Bh4 Be7 12. Bg3 Re8 13. Re1 Bg4 14. Qc1 Nh5 15. a4 Nxg3 16. hxg3 h5 17. Na3 Bg5 18. f4 Bh6 19. Qd2 h4 20. Qf2 g5 21. f5 Bh5 22. Nc4 Kg7 23. e5 f6 24. e6 a5 25. Re4 c5 26. g4 1-0

[Event "Roquetas de Mar op 34th"]
[Site "Roquetas de Mar"]
[Date "2023.01.03"]
[Round "1"]
[White "Zhou, Lulu"]
[Black "Rios Gomez, Cristhian Camilo"]
[Result "0-1"]
[WhiteElo "2050"]
[BlackElo "2470"]
[PlyCount "60"]
[EventDate "2023.01.03"]
[EventType "swiss"]
[EventRounds "9"]
[EventCountry "ESP"]
[SourceTitle "CBM 212 Extra"]
[Source "ChessBase"]
[SourceDate "2023.03.31"]
[SourceVersion "1"]
[SourceVersionDate "2023.03.31"]
[SourceQuality "1"]

1. e4 c5 2. Nf3 d6 3. d4 cxd4 4. Nxd4 Nf6 5. Nc3 a6 6. Be3 e6 7. f3 b5 8. Qd2 b4 9. Nce2 e5 10. Nb3 Nc6 11. g4 h6 12. Ng3 Be6 13. h4 d5 14. g5 hxg5 15. hxg5 Rxh1 16. Nxh1 d4 17. gxf6 dxe3 18. Qxe3 Qxf6 19. Qb6 Bd7 20. Be2 a5 21. Rd1 Bd6 22. c3 a4 23. Nc5 Bxc5 24. Qxc5 a3 25. bxa3 bxc3 26. Rd6 Ra5 27. Rxf6 Rxc5 28. Rxc6 Rxc6 29. Kd1 Rg6 30. Nf2 c2+ 0-1

[Event "EU-ch U18 Girls 30th"]
[Site "Antalya"]
[Date "2022.11.09"]
[Round "4"]
[White "Popovic, Mateja"]
[Black "Zhou, Lulu"]
[Result "0-1"]
[WhiteElo "1870"]
[BlackElo "2045"]
[PlyCount "35"]
[EventDate "2022.11.06"]
[EventType "swiss"]
[EventRounds "9"]
[EventCountry "TUR"]
[SourceTitle "EXT 2024"]
[Source "ChessBase"]
[SourceDate "2023.10.10"]
[SourceVersion "1"]
[SourceVersionDate "2023.10.10"]
[SourceQuality "1"]

1. d4 Nf6 2. c4 e6 3. Nf3 b6 4. g3 Ba6 5. b3 Bb4+ 6. Bd2 Be7 7. Nc3 0-0 8. e4 d5 9. cxd5 Bxf1 10. Kxf1 exd5 11. e5 Ne4 12. Kg2 f5 13. exf6 Bxf6 14. Ne2 Nc6 15. Bf4 Qd7 16. Rc1 g5 17. Be3 Nd8 18. Ne5 0-1

[Event "EU-ch U18 Girls 30th"]
[Site "Antalya"]
[Date "2022.11.08"]
[Round "3"]
[White "Zhou, Lulu"]
[Black "Hrebenshchykova, Yelyzaveta"]
[Result "0-1"]
[WhiteElo "2045"]
[BlackElo "2296"]
[PlyCount "62"]
[EventDate "2022.11.06"]
[EventType "swiss"]
[EventRounds "9"]
[EventCountry "TUR"]
[SourceTitle "CBM 211 Extra"]
[Source "ChessBase"]
[SourceDate "2023.01.31"]
[SourceVersion "1"]
[SourceVersionDate "2023.01.31"]
[SourceQuality "1"]

1. e4 c5 2. Nf3 e6 3. d4 cxd4 4. Nxd4 Nc6 5. Nc3 d6 6. Be3 Nf6 7. f3 a6 8. g4 Be7 9. Qd2 Qc7 10. g5 Nd7 11. f4 b5 12. a3 Rb8 13. f5 Nde5 14. Be2 Nxd4 15. Qxd4 exf5 16. Nd5 Qd8 17. exf5 Bxf5 18. Qa7 Rc8 19. Rf1 Be4 20. Bb6 Qd7 21. Nc7+ Kf8 22. Rf4 Bxc2 23. Qxa6 Nd3+ 24. Bxd3 Bxd3 25. Rd1 Bxg5 26. Re4 Bxe4 27. Rxd6 Bh4+ 28. Ke2 Qg4+ 29. Kd2 Qg2+ 30. Kc3 Qc2+ 31. Kd4 Qd3+ 0-1

[Event "Wch U18 Girls"]
[Site "Mamaia"]
[Date "2022.09.08"]
[Round "3"]
[White "Mungunzul, Bat Erdene"]
[Black "Zhou, Lulu"]
[Result "1/2-1/2"]
[WhiteElo "2316"]
[BlackElo "2125"]
[PlyCount "105"]
[EventDate "2022.09.06"]
[EventType "swiss"]
[EventRounds "11"]
[EventCountry "ROU"]
[SourceTitle "CBM 210 Extra"]
[Source "ChessBase"]
[SourceDate "2022.11.30"]
[SourceVersion "1"]
[SourceVersionDate "2022.11.30"]
[SourceQuality "1"]

1. d4 Nf6 2. c4 e6 3. Nc3 Bb4 4. Qc2 0-0 5. a3 Bxc3+ 6. Qxc3 b6 7. Bg5 Bb7 8. f3 c5 9. e3 cxd4 10. exd4 d5 11. c5 bxc5 12. Qxc5 Nbd7 13. Qd6 Re8 14. Bxf6 Nxf6 15. Qxd8 Raxd8 16. Bb5 Re7 17. Ne2 e5 18. Kd2 e4 19. Rhc1 exf3 20. gxf3 Ne8 21. Bxe8 Rdxe8 22. Nc3 Kf8 23. Re1 Re6 24. b4 Rh6 25. Rxe8+ Kxe8 26. Re1+ Kd7 27. Re2 g5 28. Na4 Bc8 29. Nc5+ Kd8 30. a4 Rh4 31. Ke3 f5 32. b5 f4+ 33. Kd2 h5 34. Rg2 g4 35. Nd3 Rh3 36. Nxf4 Rxf3 37. Nxh5 Ra3 38. Rf2 Rxa4 39. Ke3 Rb4 40. Rf8+ Kc7 41. Nf6 Rxb5 42. Kf4 Rb2 43. Nxd5+ Kd6 44. Rd8+ Bd7 45. Nf6 Ke7 46. Rxd7+ Kxf6 47. Rxa7 Rxh2 48. Ra6+ Ke7 49. Rg6 Re2 50. Rxg4 Kd6 51. Kf3 Re1 52. Re4 Rxe4 53. Kxe4 1/2-1/2

[Event "Wch U18 Girls"]
[Site "Mamaia"]
[Date "2022.09.07"]
[Round "2"]
[White "Zhou, Lulu"]
[Black "Velea, Anne Marie"]
[Result "1-0"]
[WhiteElo "2125"]
[BlackElo "1954"]
[PlyCount "107"]
[EventDate "2022.09.06"]
[EventType "swiss"]
[EventRounds "11"]
[EventCountry "ROU"]
[SourceTitle "CBM 210 Extra"]
[Source "ChessBase"]
[SourceDate "2022.11.30"]
[SourceVersion "1"]
[SourceVersionDate "2022.11.30"]
[SourceQuality "1"]

1. e4 c5 2. Nf3 Nc6 3. d4 cxd4 4. Nxd4 g6 5. c4 Bg7 6. Be3 Nf6 7. Nc3 0-0 8. Be2 d6 9. 0-0 Bd7 10. f3 Nxd4 11. Bxd4 a5 12. Qd2 Bc6 13. b3 Nd7 14. Bf2 Nc5 15. Rab1 e6 16. Bd1 Qe7 17. a3 Rfd8 18. b4 axb4 19. axb4 Na4 20. Bxa4 Bxa4 21. b5 Bxc3 22. Qxc3 Qc7 23. Rfc1 Rdc8 24. Qb4 d5 25. exd5 exd5 26. c5 Qe5 27. Bd4 Qf4 28. Qc3 Re8 29. g3 Qc7 30. Qd2 Qd7 31. Qh6 f6 32. Bxf6 Rf8 33. Bd4 Rf7 34. Re1 Bxb5 35. Qg5 Rf5 36. Qe3 Bc6 37. g4 Rf7 38. Qe5 Rg7 39. Qxg7+ Qxg7 40. Bxg7 Kxg7 41. Re7+ Kg8 42. Kf2 Ra3 43. Re3 Ra2+ 44. Kg3 Rc2 45. Ra1 Rxc5 46. Re7 b5 47. Ra6 Rc4 48. Rb6 Kf8 49. Rxh7 Kg8 50. Ra7 Kf8 51. Rb8+ Be8 52. Raa8 b4 53. Rxe8+ Kf7 54. Red8 1-0

[Event "ESP-ch 87th"]
[Site "Linares"]
[Date "2022.08.12"]
[Round "2"]
[White "Vega Gutierrez, Sabrina Neide"]
[Black "Zhou, Lulu"]
[Result "1-0"]
[WhiteElo "2366"]
[BlackElo "2027"]
[PlyCount "123"]
[EventDate "2022.08.11"]
[EventType "swiss"]
[EventRounds "9"]
[EventCountry "ESP"]
[SourceTitle "CBM 209 Extra"]
[Source "ChessBase"]
[SourceDate "2022.09.30"]
[SourceVersion "1"]
[SourceVersionDate "2022.09.30"]
[SourceQuality "1"]

1. e4 e5 2. Nf3 Nc6 3. Bb5 a6 4. Ba4 Nf6 5. 0-0 Be7 6. Re1 b5 7. Bb3 d6 8. c3 0-0 9. h3 Na5 10. Bc2 c5 11. d4 Qc7 12. Nbd2 cxd4 13. cxd4 Nc6 14. a3 Re8 15. d5 Nb8 16. a4 b4 17. a5 Nbd7 18. Ba4 Rf8 19. Nb3 Nc5 20. Nxc5 dxc5 21. Nd2 Bd7 22. Nc4 Bxa4 23. Qxa4 Ne8 24. Be3 f5 25. exf5 Nd6 26. Nb6 Rad8 27. Qc6 Nb5 28. Rac1 Rxf5 29. Bxc5 Bxc5 30. Qxc5 Qf7 31. Re4 Rf8 32. d6 Rxf2 33. d7 Nd6 34. Rg4 h5 35. Rg3 Ne4 36. Qxf8+ Qxf8 37. Rd3 Qd8 38. Rc8 Rf8 39. Rxd8 Rxd8 40. Nc4 Kf7 41. Re3 Nc5 42. Rxe5 Nxd7 43. Rxh5 Nf6 44. Rc5 Rd1+ 45. Kh2 Rd5 46. Rc7+ Kg8 47. Rc6 Rd4 48. Kg3 Ne4+ 49. Kh2 Nd2 50. Ne3 Rd3 51. Nf5 Rb3 52. Rc2 Rd3 53. Rc7 g6 54. Ne7+ Kg7 55. Nd5+ Kh6 56. Nxb4 Rb3 57. Nxa6 Rxb2 58. Nc5 Rb5 59. a6 Nb3 60. Ne4 Ra5 61. h4 Rxa6 62. Ng5 1-0

[Event "Madrid-chT Honor 2122"]
[Site "Madrid"]
[Date "2021.12.19"]
[Round "3.6"]
[White "Zhou, Lulu"]
[Black "Yanez Rodriguez, Wilbert"]
[Result "0-1"]
[WhiteElo "2184"]
[BlackElo "2118"]
[PlyCount "92"]
[EventDate "2021.11.27"]
[EventType "team-tourn"]
[EventRounds "14"]
[EventCountry "ESP"]
[SourceTitle "EXT 2024"]
[Source "ChessBase"]
[SourceDate "2023.10.10"]
[SourceVersion "1"]
[SourceVersionDate "2023.10.10"]
[SourceQuality "1"]
[WhiteTeam "Collado Villalba"]
[BlackTeam "Alcala de Henares"]
[WhiteTeamCountry "ESP"]
[BlackTeamCountry "ESP"]

1. e4 c6 2. Nc3 d5 3. Nf3 Bg4 4. d4 e6 5. Bd3 Nf6 6. h3 Bh5 7. 0-0 Be7 8. e5 Nfd7 9. g4 Bg6 10. Bxg6 hxg6 11. Ne2 Rxh3 12. Kg2 Rh8 13. Rh1 Rg8 14. Nf4 c5 15. c4 Nb6 16. dxc5 Nxc4 17. b3 Na5 18. Qd3 Nbc6 19. Rh7 Qc7 20. Bd2 0-0-0 21. Re1 Bxc5 22. Rc1 Ba3 23. Rc2 Kb8 24. Qb5 Qb6 25. Qa4 Bb4 26. Be3 d4 27. Nxd4 Nxd4 28. Ne2 Nac6 29. Rc4 Bc5 30. b4 Be7 31. b5 Qxb5 32. Nxd4 Qxa4 33. Rxa4 Nxd4 34. Bxd4 b6 35. Be3 g5 36. Re4 Rd5 37. Kf3 b5 38. Ke2 Kb7 39. Rh5 Rc8 40. Bxg5 g6 41. Bxe7 gxh5 42. gxh5 Rh8 43. Bd6 Rxh5 44. Rf4 Rf5 45. Rb4 a5 46. Rb2 f6 0-1

[Event "ESP-chT CECLUB Div1"]
[Site "Linares"]
[Date "2021.09.13"]
[Round "6.1"]
[White "Zhou, Lulu"]
[Black "Ponsa Alcubierre, Marina"]
[Result "0-1"]
[WhiteElo "2043"]
[BlackElo "1616"]
[PlyCount "68"]
[EventDate "2021.09.08"]
[EventType "team-tourn"]
[EventRounds "7"]
[EventCountry "ESP"]
[SourceTitle "CBM 204 Extra"]
[Source "ChessBase"]
[SourceDate "2021.11.30"]
[SourceVersion "1"]
[SourceVersionDate "2021.11.30"]
[SourceQuality "1"]
[WhiteTeam "Collado Villalba"]
[BlackTeam "Barbera"]
[WhiteTeamCountry "ESP"]
[BlackTeamCountry "ESP"]

1. e4 c5 2. Nf3 Nc6 3. d4 cxd4 4. Nxd4 Nf6 5. Nc3 g6 6. Nxc6 bxc6 7. e5 Ng8 8. Bc4 Bg7 9. Qf3 f5 10. Bf4 e6 11. h4 Nh6 12. 0-0-0 Qc7 13. h5 Ng4 14. Rde1 Bxe5 15. Bxe5 Nxe5 16. Qf4 Nd3+ 17. Bxd3 Qxf4+ 18. Kb1 gxh5 19. Rxh5 Qb4 20. Bxf5 Rb8 21. Kc1 Qf4+ 22. Kd1 Rxb2 23. Re4 Qxf2 24. Ne2 Rb1+ 25. Kd2 Qe1+ 26. Ke3 Ba6 27. c4 Rb2 28. Bg4 Rg8 29. Rxh7 Rxg4 30. Rxg4 Rxe2+ 31. Kf4 Qf2+ 32. Kg5 Re5+ 33. Kh6 Qf8+ 34. Rhg7 Qf6+ 0-1

[Event "ESP-chT CECLUB Div1"]
[Site "Linares"]
[Date "2021.09.10"]
[Round "3.3"]
[White "Zhou, Lulu"]
[Black "Hernando Rodrigo, Jose Maria"]
[Result "1/2-1/2"]
[WhiteElo "2043"]
[BlackElo "2291"]
[PlyCount "76"]
[EventDate "2021.09.08"]
[EventType "team-tourn"]
[EventRounds "7"]
[EventCountry "ESP"]
[SourceTitle "CBM 204 Extra"]
[Source "ChessBase"]
[SourceDate "2021.11.30"]
[SourceVersion "1"]
[SourceVersionDate "2021.11.30"]
[SourceQuality "1"]
[WhiteTeam "Collado Villalba"]
[BlackTeam "Santa Lucia Grandama"]
[WhiteTeamCountry "ESP"]
[BlackTeamCountry "ESP"]

1. e4 c5 2. Nf3 Nc6 3. d4 cxd4 4. Nxd4 Nf6 5. Nc3 e6 6. Ndb5 Bb4 7. a3 Bxc3+ 8. Nxc3 d5 9. Bd3 d4 10. Ne2 e5 11. 0-0 0-0 12. Ng3 Re8 13. h3 h6 14. Nh5 g5 15. h4 g4 16. Nxf6+ Qxf6 17. g3 Qg6 18. Kh2 Be6 19. f4 gxf3 20. Qxf3 Bg4 21. Qf6 Re6 22. Qxg6+ Rxg6 23. Bd2 Rc8 24. Rf2 Kg7 25. Raf1 Nd8 26. Bb4 Rc7 27. c3 Nc6 28. cxd4 Nxb4 29. axb4 exd4 30. e5 Rb6 31. Rf4 Be6 32. Rxd4 a5 33. Bf5 Bxf5 34. Rxf5 Rxb4 35. Rd2 Re4 36. e6 b6 37. Rd7 Rxd7 38. exd7 Rd4 1/2-1/2

[Event "ESP-chT CECLUB Div1"]
[Site "Linares"]
[Date "2021.09.09"]
[Round "2.3"]
[White "Zhou, Lulu"]
[Black "Martin Gonzalez, Angel"]
[Result "1-0"]
[WhiteElo "2043"]
[BlackElo "2251"]
[PlyCount "71"]
[EventDate "2021.09.08"]
[EventType "team-tourn"]
[EventRounds "7"]
[EventCountry "ESP"]
[SourceTitle "CBM 204 Extra"]
[Source "ChessBase"]
[SourceDate "2021.11.30"]
[SourceVersion "1"]
[SourceVersionDate "2021.11.30"]
[SourceQuality "1"]
[WhiteTeam "Collado Villalba"]
[BlackTeam "Barcelona CE"]
[WhiteTeamCountry "ESP"]
[BlackTeamCountry "ESP"]

1. e4 c5 2. Nf3 d6 3. d4 cxd4 4. Nxd4 Nf6 5. Nc3 g6 6. Be3 Bg7 7. f3 Nc6 8. Qd2 0-0 9. 0-0-0 d5 10. exd5 Nxd5 11. Nxc6 bxc6 12. Bd4 e5 13. Bc5 Be6 14. Ne4 Re8 15. h4 Nf4 16. Qc3 Bh6 17. Ng5 Nd5 18. Qa3 f6 19. c4 fxg5 20. cxd5 cxd5 21. Kb1 Qf6 22. Bb5 Rec8 23. Be7 Qf5+ 24. Ka1 gxh4 25. Ba6 Rc7 26. Bd6 Bf8 27. Bd3 Qg5 28. Bxf8 Rxf8 29. Qd6 Re7 30. Rhe1 Bf7 31. f4 Qxg2 32. Qxe7 e4 33. Bf1 Qf2 34. Bh3 Rb8 35. Qe5 Rb6 36. Rc1 1-0

[Event "ESP-chT CECLUB Div1"]
[Site "Linares"]
[Date "2021.09.08"]
[Round "1.2"]
[White "Rodriguez Ferreiros, Andres"]
[Black "Zhou, Lulu"]
[Result "1/2-1/2"]
[WhiteElo "2211"]
[BlackElo "2043"]
[PlyCount "124"]
[EventDate "2021.09.08"]
[EventType "team-tourn"]
[EventRounds "7"]
[EventCountry "ESP"]
[SourceTitle "CBM 204 Extra"]
[Source "ChessBase"]
[SourceDate "2021.11.30"]
[SourceVersion "1"]
[SourceVersionDate "2021.11.30"]
[SourceQuality "1"]
[WhiteTeam "Sanxenxo Fontecarmoa"]
[BlackTeam "Collado Villalba"]
[WhiteTeamCountry "ESP"]
[BlackTeamCountry "ESP"]

1. e4 e5 2. Nf3 Nc6 3. Bb5 a6 4. Ba4 Nf6 5. 0-0 Be7 6. Re1 b5 7. Bb3 d6 8. c3 0-0 9. h3 Na5 10. Bc2 c5 11. d4 Qc7 12. Nbd2 cxd4 13. cxd4 Nc6 14. d5 Nb4 15. Bb1 a5 16. Nf1 Bd7 17. Bd2 Na6 18. Ne3 Nc5 19. Nf1 Rfc8 20. b3 b4 21. Bc2 Na6 22. Ne3 Nc5 23. Rc1 Qb7 24. Nc4 Bb5 25. Nb2 Rc7 26. g4 Rac8 27. g5 Ne8 28. Be3 Qa6 29. h4 Bf8 30. h5 g6 31. h6 Be7 32. Qd2 Nd7 33. Kg2 Rc3 34. Nd1 R3c7 35. Nb2 Rc3 36. Bd3 Nb6 37. Bxb5 Qxb5 38. Bxb6 Qxb6 39. Na4 Qd8 40. Nxc3 bxc3 41. Rxc3 Rxc3 42. Qxc3 Bxg5 43. Nxg5 Qxg5+ 44. Qg3 Qxh6 45. Rh1 Qg7 46. Qc3 Qf6 47. Qxa5 Qg5+ 48. Kf1 Nf6 49. Qe1 Qg4 50. Qe2 Qf4 51. Qe3 Qg4 52. f3 Qg3 53. Rg1 Qh3+ 54. Ke1 Nh5 55. a4 Nf4 56. Kd1 Qh2 57. Re1 Qb2 58. a5 Qb1+ 59. Kd2 Qb2+ 60. Kd1 Qb1+ 61. Kd2 Qb2+ 62. Kd1 Qb1+ 1/2-1/2

[Event "Collado Villalba op 38th"]
[Site "Collado Villalba"]
[Date "2021.08.28"]
[Round "8"]
[White "Hernando Pertierra, Jose Carlos"]
[Black "Zhou, Lulu"]
[Result "0-1"]
[WhiteElo "2328"]
[BlackElo "2018"]
[PlyCount "82"]
[EventDate "2021.08.21"]
[EventType "swiss"]
[EventRounds "9"]
[EventCountry "ESP"]
[SourceTitle "EXT 2022"]
[Source "ChessBase"]
[SourceDate "2021.10.06"]
[SourceVersion "1"]
[SourceVersionDate "2021.10.06"]
[SourceQuality "1"]

1. g3 e5 2. c4 d6 3. d4 Nd7 4. Bg2 g6 5. b3 Bg7 6. Bb2 Ne7 7. Nf3 0-0 8. 0-0 Nc6 9. e4 Re8 10. d5 Ne7 11. Nc3 h6 12. Ne1 f5 13. Nd3 Nf6 14. b4 g5 15. f3 a5 16. a3 axb4 17. axb4 Rxa1 18. Qxa1 h5 19. f4 gxf4 20. gxf4 Ng6 21. fxe5 dxe5 22. exf5 Nh4 23. Qe1 Ng4 24. Be4 Rf8 25. Kh1 Bxf5 26. Bxf5 Nxf5 27. Ne4 Nfe3 28. Rxf8+ Qxf8 29. Qe2 Qf5 30. Ng3 Qxd3 31. Qxd3 Nf2+ 32. Kg1 Nxd3 33. Bc3 h4 34. Ne4 Nxc4 35. Kg2 Nf4+ 36. Kf3 Nxd5 37. Be1 Nd6 38. Ng5 Bf6 39. Ne4 Nxe4 40. Kxe4 Ne7 41. b5 Kf7 0-1

[Event "World Cup U18 Girls KO"]
[Site "Tornelo INT"]
[Date "2021.08.26"]
[Round "1"]
[White "Singgih, Diajeng Theresa"]
[Black "Zhou, Lulu"]
[Result "1-0"]
[WhiteElo "1972"]
[BlackElo "2018"]
[PlyCount "149"]
[EventDate "2021.08.26"]
[EventType "k.o. (rapid)"]
[EventRounds "4"]
[EventCountry "NET"]
[SourceTitle "EXT 2024"]
[Source "ChessBase"]
[SourceDate "2023.10.10"]
[SourceVersion "1"]
[SourceVersionDate "2023.10.10"]
[SourceQuality "1"]

1. e4 e5 2. Nf3 Nc6 3. Bb5 a6 4. Ba4 Nf6 5. 0-0 Be7 6. d4 exd4 7. Nxd4 0-0 8. Re1 Nxd4 9. Qxd4 d6 10. Bb3 c5 11. Qd1 b5 12. c3 Bb7 13. Bc2 Re8 14. Bf4 Bf8 15. Nd2 h6 16. Re3 Rc8 17. Qe2 Nd7 18. Bg3 d5 19. e5 Qb6 20. Re1 d4 21. Qd3 g6 22. R3e2 Bd5 23. b3 Bg7 24. cxd4 cxd4 25. Nf3 Bxf3 26. Qxf3 Nxe5 27. Bxe5 Rxe5 28. Be4 Rce8 29. Bd5 Rxe2 30. Qxf7+ Kh7 31. Rxe2 Rf8 32. Qd7 d3 33. Rd2 Qa5 34. Rd1 Qxa2 35. Bf3 Qxb3 36. Rxd3 Qb1+ 37. Rd1 Qf5 38. Qb7 Qf6 39. Rd7 Rd8 40. Rxd8 Qxd8 41. Qxa6 Qd3 42. h3 Qb1+ 43. Kh2 b4 44. g3 b3 45. Bd5 b2 46. Qc8 g5 47. Qb7 Qe1 48. Be4+ Kg8 49. Qb8+ Kf7 50. Qc7+ Ke6 51. Qc6+ Ke7 52. Qc5+ Kd8 53. Qd6+ Kc8 54. Qe6+ Kc7 55. Qe7+ Kb6 56. Qxg7 Qxf2+ 57. Bg2 b1Q 58. Qb7+ Kc5 59. Qxb1 h5 60. Qg1 Qxg1+ 61. Kxg1 h4 62. g4 Kd4 63. Kf2 Kd3 64. Kf3 Kd4 65. Bf1 Ke5 66. Ke3 Kd5 67. Bg2+ Ke5 68. Bf3 Kf6 69. Ke4 Ke6 70. Bd1 Kf6 71. Bb3 Kg6 72. Ke5 Kg7 73. Kf5 Kh6 74. Kf6 Kh7 75. Kxg5 1-0

[Event "World Cup U18 Girls KO"]
[Site "Tornelo INT"]
[Date "2021.08.26"]
[Round "1"]
[White "Zhou, Lulu"]
[Black "Singgih, Diajeng Theresa"]
[Result "1/2-1/2"]
[WhiteElo "2018"]
[BlackElo "1972"]
[PlyCount "163"]
[EventDate "2021.08.26"]
[EventType "k.o. (rapid)"]
[EventRounds "4"]
[EventCountry "NET"]
[SourceTitle "EXT 2024"]
[Source "ChessBase"]
[SourceDate "2023.10.10"]
[SourceVersion "1"]
[SourceVersionDate "2023.10.10"]
[SourceQuality "1"]

1. e4 e5 2. Nf3 Nc6 3. Bb5 a6 4. Ba4 Nf6 5. 0-0 b5 6. Bb3 Bc5 7. c3 d6 8. d4 Bb6 9. Re1 0-0 10. h3 h6 11. Be3 Ba7 12. Nbd2 Re8 13. d5 Ne7 14. Bxa7 Rxa7 15. a4 Rb7 16. axb5 axb5 17. Ra8 Ng6 18. c4 Nf4 19. cxb5 N6h5 20. Nf1 Qf6 21. N1h2 Bd7 22. Rxe8+ Bxe8 23. Ng4 Qe7 24. Bc4 Nf6 25. Nxf6+ Qxf6 26. Nh2 Qg5 27. Qg4 Qxg4 28. Nxg4 Bxb5 29. Bxb5 Rxb5 30. Ra1 Rxb2 31. Ra8+ Kh7 32. Rc8 Rc2 33. Ne3 Rc1+ 34. Kh2 g6 35. g3 Ne2 36. Kg2 Rc5 37. h4 Nc3 38. Kf3 Na4 39. h5 Nb6 40. hxg6+ fxg6 41. Re8 Kg7 42. Re7+ Kf6 43. Rh7 h5 44. g4 Nc4 45. gxh5 Nxe3 46. Kxe3 gxh5 47. Rxh5 Ke7 48. Rh7+ Kd8 49. Kf3 Rc4 50. Rh4 Kc8 51. Kg3 Kb7 52. f3 Kb6 53. Rh7 Rc1 54. Rh2 Rg1+ 55. Kf2 Rc1 56. Rh7 Rc3 57. Kg3 Rc1 58. f4 Rc3+ 59. Kg4 exf4 60. Kxf4 Rc1 61. Ke3 Re1+ 62. Kd3 Rd1+ 63. Ke2 Rc1 64. Kd2 Rb1 65. Rh3 Rb2+ 66. Kc3 Ra2 67. Rh7 Ra4 68. Kd3 Ra3+ 69. Kd4 Ra4+ 70. Ke3 Ra3+ 71. Kf4 Ra1 72. Rh3 Rf1+ 73. Rf3 Rxf3+ 74. Kxf3 Kc5 75. Kf4 Kc4 76. Kf5 Kd4 77. Kf4 Kd3 78. e5 dxe5+ 79. Kxe5 Kc4 80. Ke6 Kd4 81. d6 cxd6 82. Kxd6 1/2-1/2

[Event "Collado Villalba op 38th"]
[Site "Collado Villalba"]
[Date "2021.08.22"]
[Round "2"]
[White "Zhou, Lulu"]
[Black "Fernandez Rios, Jose Francisco"]
[Result "1-0"]
[WhiteElo "2018"]
[BlackElo "1776"]
[PlyCount "91"]
[EventDate "2021.08.21"]
[EventType "swiss"]
[EventRounds "9"]
[EventCountry "ESP"]
[SourceTitle "CBM 204 Extra"]
[Source "ChessBase"]
[SourceDate "2021.11.30"]
[SourceVersion "1"]
[SourceVersionDate "2021.11.30"]
[SourceQuality "1"]

1. e4 c5 2. Nf3 g6 3. d4 cxd4 4. Nxd4 Bg7 5. c4 Nc6 6. Be3 Nf6 7. Nc3 0-0 8. Be2 d6 9. 0-0 Bd7 10. Qd2 Nxd4 11. Bxd4 Bc6 12. f3 a5 13. b3 Nd7 14. Bf2 Nc5 15. Rab1 e6 16. Bd1 Qe7 17. Bc2 Rfd8 18. Rfd1 Be5 19. Qe3 b6 20. a3 Qf6 21. Ne2 d5 22. f4 d4 23. Nxd4 Bxf4 24. Qf3 Bb7 25. b4 axb4 26. axb4 Nd7 27. Ne2 Be5 28. c5 bxc5 29. bxc5 Bc6 30. Nd4 Bxd4 31. Bxd4 Qe7 32. Qc3 e5 33. Bf2 Nf6 34. Bh4 h6 35. Re1 g5 36. Bg3 Nd7 37. Bf2 Rdc8 38. Bb3 Kg7 39. Rbc1 Ra3 40. Qb4 Rca8 41. Bd5 R3a6 42. Red1 Nf6 43. Qe1 Rc8 44. Qe2 Qb7 45. Rb1 Qd7 46. Qxa6 1-0

[Event "World Cup U18 Girls Prel"]
[Site "Tornelo INT"]
[Date "2021.08.01"]
[Round "10"]
[White "Beydullayeva, Govhar"]
[Black "Zhou, Lulu"]
[Result "1/2-1/2"]
[WhiteElo "2264"]
[BlackElo "2131"]
[PlyCount "86"]
[EventDate "2021.08.01"]
[EventType "swiss (rapid)"]
[EventRounds "10"]
[EventCountry "NET"]
[SourceTitle "EXT 2024"]
[Source "ChessBase"]
[SourceDate "2023.10.10"]
[SourceVersion "1"]
[SourceVersionDate "2023.10.10"]
[SourceQuality "1"]

1. Nf3 c5 2. c4 Nc6 3. d4 cxd4 4. Nxd4 Nf6 5. Nc3 e6 6. a3 Be7 7. e4 Nxd4 8. Qxd4 d6 9. Be2 0-0 10. Be3 b6 11. 0-0 Bb7 12. f3 Nd7 13. b4 f5 14. exf5 Rxf5 15. Qd2 Ne5 16. f4 Ng6 17. Bd3 Rf6 18. Rae1 Nf8 19. Bd4 Rh6 20. Qe3 Bf6 21. Bxf6 Qxf6 22. Ne4 Qh4 23. Qg3 Bxe4 24. Qxh4 Rxh4 25. Rxe4 Rc8 26. Rd4 e5 27. Rxd6 Rxf4 28. Re1 Re8 29. Be4 Rf6 30. Red1 Rxd6 31. Rxd6 g6 32. Rc6 Re7 33. Rc8 Kg7 34. c5 bxc5 35. bxc5 Ne6 36. c6 Nc5 37. Bd5 e4 38. c7 Kh6 39. Kf1 Na6 40. Kf2 Nxc7 41. Bxe4 Rxe4 42. Rxc7 Ra4 43. Rc3 Kg5 1/2-1/2